<?xml version="1.0" encoding="UTF-8"?>
<record
    xmlns:xsi="http://www.w3.org/2001/XMLSchema-instance"
    xsi:schemaLocation="http://www.loc.gov/MARC21/slim http://www.loc.gov/standards/marcxml/schema/MARC21slim.xsd"
    xmlns="http://www.loc.gov/MARC21/slim">

  <leader>00590nam a2200205 a 4500</leader>
  <controlfield tag="008">960514s1981||||[C               0  slo c</controlfield>
  <datafield tag="020" ind1=" " ind2=" ">
    <subfield code="c">20 K&#x10D;s. </subfield>
    <subfield code="q">(3000 v&#xFD;tl.)</subfield>
  </datafield>
  <datafield tag="040" ind1=" " ind2=" ">
    <subfield code="a">SNK</subfield>
    <subfield code="b">slo</subfield>
    <subfield code="c">SNK</subfield>
    <subfield code="e">AACR2</subfield>
  </datafield>
  <datafield tag="041" ind1="1" ind2=" ">
    <subfield code="a">slo</subfield>
  </datafield>
  <datafield tag="044" ind1=" " ind2=" ">
    <subfield code="a">xo</subfield>
    <subfield code="c">SK</subfield>
  </datafield>
  <datafield tag="080" ind1=" " ind2=" ">
    <subfield code="a">787.61.087.5</subfield>
  </datafield>
  <datafield tag="100" ind1="1" ind2=" ">
    <subfield code="a">S&#xE1;dlik, Arno&#x161;t</subfield>
    <subfield code="4">aut</subfield>
  </datafield>
  <datafield tag="245" ind1="1" ind2="0">
    <subfield code="a">&#x160;kola stupn&#xED;c a akordov pre gitaru</subfield>
    <subfield code="h">Hudobnina</subfield>
    <subfield code="c">Arno&#x161;t S&#xE1;dlik</subfield>
  </datafield>
  <datafield tag="250" ind1=" " ind2=" ">
    <subfield code="a">1., vyd.</subfield>
  </datafield>
  <datafield tag="260" ind1=" " ind2=" ">
    <subfield code="a">Bratislava</subfield>
    <subfield code="b">Opus [vyd.]</subfield>
    <subfield code="c">1981</subfield>
    <subfield code="e">Bratislava</subfield>
    <subfield code="f">Z&#xE1;padoslovensk&#xE9; tla&#x10D;iarne</subfield>
  </datafield>
  <datafield tag="300" ind1=" " ind2=" ">
    <subfield code="a">108 s.</subfield>
    <subfield code="c">30 cm</subfield>
  </datafield>
  <datafield tag="500" ind1=" " ind2=" ">
    <subfield code="a">&#xDA;vod autor.</subfield>
  </datafield>
  <datafield tag="924" ind1=" " ind2=" ">
    <subfield code="a">gitara</subfield>
  </datafield>
  <datafield tag="958" ind1=" " ind2=" ">
    <subfield code="a">H</subfield>
  </datafield>
  <datafield tag="999" ind1=" " ind2=" ">
    <subfield code="c">15191</subfield>
    <subfield code="d">15191</subfield>
  </datafield>
  <datafield tag="952" ind1=" " ind2=" ">
    <subfield code="0">0</subfield>
    <subfield code="1">0</subfield>
    <subfield code="4">0</subfield>
    <subfield code="7">0</subfield>
    <subfield code="8">K</subfield>
    <subfield code="a">10000</subfield>
    <subfield code="b">10000</subfield>
    <subfield code="d">2019-11-29</subfield>
    <subfield code="g">20.00</subfield>
    <subfield code="i">14227</subfield>
    <subfield code="o">I 0287</subfield>
    <subfield code="r">2019-11-29</subfield>
    <subfield code="w">2019-11-29</subfield>
    <subfield code="y">OLDO</subfield>
  </datafield>
</record>
